[Event "17th Olomouc GM 2014"]
[Site "Olomouc CZE"]
[Date "2014.07.30"]
[Round "1.1"]
[White "Ali Marandi, Cemil Can"]
[Black "Garcia Roman, Daniel"]
[Result "0-1"]
[WhiteTitle "IM"]
[BlackTitle "IM"]
[WhiteElo "2385"]
[BlackElo "2379"]
[WhiteFideId "6300529"]
[BlackFideId "2215870"]
[EventDate "2014.07.30"]

1. e4 e6 2. d4 d5 3. Nd2 a6 4. Bd3 c5 5. dxc5 Bxc5 6. Ngf3 Nf6 7. e5 Ng4 8. O-O
Nc6 9. Nb3 Ba7 10. Bf4 f6 11. Nfd4 Ngxe5 12. Nxc6 Nxc6 13. Qh5+ Kf8 14. c4 e5
15. cxd5 Qxd5 16. Rfd1 Qf7 17. Qxf7+ Kxf7 18. Bc4+ Ke7 19. Be3 Bxe3 20. fxe3 Rd8
21. h3 Rxd1+ 22. Rxd1 b6 23. Kf2 Be6 24. Bxe6 Kxe6 25. Ke2 Rc8 26. Rd2 Nb4 27.
a3 Nd5 28. Na1 f5 29. Nc2 a5 30. Ne1 Nf6 31. Rd3 Ne4 32. Rb3 Rc6 33. Nd3 Nd6 34.
a4 g6 35. Kd1 Nc4 36. Ke2 Nd6 37. Kd1 h5 38. h4 Nc4 39. Ke2 Nd6 40. Kd1 Kf6 41.
Ke2 Ne8 42. Rb5 Nc7 43. Rb3 Nd5 44. Kd2 Rc4 45. Rb5 Ke6 46. b4 axb4 47. g3 b3
48. a5 Rc2+ 49. Ke1 bxa5 50. Rxb3 Rc3 51. Kd2 Rxb3 52. Nc5+ Kd6 53. Nxb3 a4 0-1

[Event "17th Olomouc GM 2014"]
[Site "Olomouc CZE"]
[Date "2014.07.30"]
[Round "1.2"]
[White "Neuman, Petr"]
[Black "Manik, Mikulas"]
[Result "1/2-1/2"]
[WhiteTitle "GM"]
[BlackTitle "GM"]
[WhiteElo "2488"]
[BlackElo "2394"]
[WhiteFideId "305243"]
[BlackFideId "14900734"]
[EventDate "2014.07.30"]

1. d4 Nf6 2. c4 g6 3. g3 Bg7 4. Bg2 O-O 5. Nc3 Nc6 6. e3 e5 7. d5 Na5 8. b3 c5
9. dxc6 bxc6 10. Nge2 Bb7 11. Ba3 Re8 12. Bd6 c5 13. e4 Qb6 14. Na4 Qb4+ 15.
Nec3 Nxe4 16. Bxe4 Bxe4 17. O-O Bc6 18. Nd5 Bxd5 19. Qxd5 Nc6 20. Qxc5 Qd2 21.
Rfd1 Qc2 22. Qe3 Nd4 23. Bc5 Qf5 24. Rab1 h5 25. h4 Nf3+ 26. Kg2 1/2-1/2

[Event "17th Olomouc GM 2014"]
[Site "Olomouc CZE"]
[Date "2014.07.30"]
[Round "1.3"]
[White "Mammadov, Zaur"]
[Black "Firat, Burak"]
[Result "1-0"]
[WhiteTitle "IM"]
[BlackTitle "IM"]
[WhiteElo "2441"]
[BlackElo "2458"]
[WhiteFideId "13401033"]
[BlackFideId "6305881"]
[EventDate "2014.07.30"]

1. e4 e6 2. d4 d5 3. Nc3 Nf6 4. Bg5 Be7 5. e5 Nfd7 6. Bxe7 Qxe7 7. f4 a6 8. Nf3
Nb6 9. Qd2 Bd7 10. Bd3 c5 11. Qe3 c4 12. Be2 Nc6 13. O-O O-O-O 14. b3 cxb3 15.
axb3 Kb8 16. Na2 f6 17. Nc1 Rc8 18. Qd2 fxe5 19. fxe5 Rcf8 20. Nd3 Bc8 21. Nc5
Nd7 22. b4 Nxc5 23. bxc5 Rhg8 24. h3 g5 25. Nh2 Rxf1+ 26. Rxf1 Rf8 27. Rb1 Ka7
28. c3 Rf4 29. g3 Rf7 30. Kg2 Nb8 31. Qb2 Qc7 32. Bh5 Rf8 33. Ng4 Nd7 34. Qa3
Qc6 35. Rb6 Qc7 36. Rd6 Nb8 37. Nf6 Nc6 38. Qb2 h6 39. Be8 Na5 40. Qb6+ Kb8 41.
Rd8 Nc4 42. Nd7+ Qxd7 43. Bxd7 Nxb6 44. Rxf8 Nxd7 45. Rh8 a5 46. Rxh6 a4 47. Rh7
Nf8 48. Rg7 Ka7 49. h4 gxh4 50. gxh4 Bd7 51. Rg8 Nh7 52. Kf3 Bb5 53. Ke3 a3 54.
Rg1 a2 55. Kd2 Nf8 56. h5 Be8 57. Ra1 Bxh5 58. Rxa2+ Kb8 59. Ke3 Bg6 60. Kf4 Nd7
61. Kg5 Be4 62. Kh6 Kc7 63. Kg7 b6 64. Kf7 Bf5 65. Ke7 Nxc5 66. dxc5 bxc5 67.
Ra6 d4 68. cxd4 cxd4 69. Rd6 d3 70. Kf6 Kc8 71. Kg5 Kc7 72. Kf4 Kc8 73. Ke3 Kc7
74. Kd4 Kc8 75. Kc4 Kb8 76. Kb5 Kc7 77. Kc5 Kb7 78. Rd7+ Ka6 79. Rg7 Be4 80. Rg1
Bf3 81. Ra1+ Kb7 82. Ra2 Bg4 83. Kd6 Bf5 84. Rb2+ Ka6 85. Kc5 Bg4 86. Rb6+ Ka7
87. Rd6 Bf5 88. Kc6 Ka6 89. Rd4 Ka5 90. Kc5 Ka6 91. Rd7 1-0

[Event "17th Olomouc GM 2014"]
[Site "Olomouc CZE"]
[Date "2014.07.30"]
[Round "1.4"]
[White "Cernousek, Lukas"]
[Black "Kanmazalp, Ogulcan"]
[Result "0-1"]
[WhiteTitle "IM"]
[BlackTitle "IM"]
[WhiteElo "2457"]
[BlackElo "2412"]
[WhiteFideId "311707"]
[BlackFideId "6304990"]
[EventDate "2014.07.30"]

1. d4 Nf6 2. c4 e6 3. g3 c5 4. d5 exd5 5. cxd5 b5 6. Nf3 Bb7 7. e4 Nxe4 8. Bg2
Be7 9. O-O O-O 10. Re1 f5 11. Nc3 Nxc3 12. bxc3 Bf6 13. Rb1 Bxc3 14. Re3 Qa5 15.
Qc2 Bf6 16. Qxf5 Qxa2 17. Rxb5 Bd4 18. Nxd4 cxd4 19. Qxf8+ Kxf8 20. Rf3+ Kg8 21.
Ba3 Nc6 22. Rxb7 Ne5 23. Rfb3 Qa1+ 24. Bf1 d3 25. Bb2 Nf3+ 26. Kg2 Ne1+ 27. Kg1
Qd1 28. Bc3 d2 29. Bc4 Nf3+ 30. Kg2 Qg1+ 31. Kh3 Qxh2+ 32. Kg4 h5+ 33. Kf4 Rf8+ 0-1

[Event "17th Olomouc GM 2014"]
[Site "Olomouc CZE"]
[Date "2014.07.30"]
[Round "1.5"]
[White "Kislinsky, Alexey"]
[Black "Johansson, Jan SWE"]
[Result "1-0"]
[WhiteTitle "GM"]
[BlackTitle "IM"]
[WhiteElo "2491"]
[BlackElo "2378"]
[WhiteFideId "14108801"]
[BlackFideId "1700103"]
[EventDate "2014.07.30"]

1. e4 d6 2. d4 Nf6 3. Nc3 e5 4. Nf3 Nbd7 5. Bc4 Be7 6. O-O O-O 7. a4 c6 8. Ba2
b6 9. h3 a6 10. Qe2 Bb7 11. Rd1 Qc7 12. Nh4 b5 13. Nf5 Rfe8 14. Rd3 exd4 15. Rg3
dxc3 16. Rxg7+ Kh8 17. Qe3 d5 18. Rxf7 Qe5 19. Qh6 Rg8 20. Nxe7 Qxe4 21. Bg5 1-0

[Event "17th Olomouc GM 2014"]
[Site "Olomouc CZE"]
[Date "2014.07.31"]
[Round "2.1"]
[White "Garcia Roman, Daniel"]
[Black "Cernousek, Lukas"]
[Result "1/2-1/2"]
[WhiteTitle "IM"]
[BlackTitle "IM"]
[WhiteElo "2379"]
[BlackElo "2457"]
[WhiteFideId "2215870"]
[BlackFideId "311707"]
[EventDate "2014.07.30"]

1. d4 Nf6 2. c4 g6 3. Nf3 Bg7 4. g3 O-O 5. Bg2 c5 6. O-O Nc6 7. Nc3 d6 8. d5 Na5
9. Nd2 a6 10. Qc2 b5 11. cxb5 axb5 12. Nxb5 Qb6 13. Nc3 Bf5 14. e4 Bc8 15. Rd1
Ba6 16. Nf3 Rfb8 17. Rb1 Nd7 18. Bh3 Ne5 19. Nxe5 Bxe5 20. b3 Qb4 21. Bd2 Qa3
22. Bc1 Qb4 23. Bd2 Qa3 24. Na4 Be2 25. Re1 Bb5 26. Bc1 Qb4 27. Bd2 Qa3 28. Bc1
Qb4 29. Bd2 1/2-1/2

[Event "17th Olomouc GM 2014"]
[Site "Olomouc CZE"]
[Date "2014.07.31"]
[Round "2.2"]
[White "Kanmazalp, Ogulcan"]
[Black "Kislinsky, Alexey"]
[Result "1/2-1/2"]
[WhiteTitle "IM"]
[BlackTitle "GM"]
[WhiteElo "2412"]
[BlackElo "2491"]
[WhiteFideId "6304990"]
[BlackFideId "14108801"]
[EventDate "2014.07.30"]

1. e4 c5 2. Nf3 Nc6 3. Nc3 g6 4. d4 cxd4 5. Nxd4 Bg7 6. Be3 Nf6 7. Bc4 Na5 8.
Bxf7+ Kxf7 9. e5 Nh5 10. g4 Nc4 11. gxh5 Qa5 12. Nb5 d5 13. Qxd5+ Be6 14. Nd6+
exd6 15. Qxb7+ Ke8 16. Qxa8+ Kd7 17. Qb7+ Qc7 18. Qxc7+ Kxc7 19. exd6+ Kxd6 20.
O-O-O+ Kc6 21. Bd4 Bh6+ 22. Kb1 Rb8 23. b3 Bf5 24. Bxa7 Rb7 25. Be3 Bg7 26. Bd4
Bh6 27. Na4 Na3+ 28. Kb2 Nxc2 29. Be5 Bf8 30. Rd8 Ba3+ 31. Kc3 Bb4+ 32. Kb2 Ba3+
33. Kc3 Bb4+ 1/2-1/2

[Event "17th Olomouc GM 2014"]
[Site "Olomouc CZE"]
[Date "2014.07.31"]
[Round "2.3"]
[White "Firat, Burak"]
[Black "Johansson, Jan SWE"]
[Result "1-0"]
[WhiteTitle "IM"]
[BlackTitle "IM"]
[WhiteElo "2458"]
[BlackElo "2378"]
[WhiteFideId "6305881"]
[BlackFideId "1700103"]
[EventDate "2014.07.30"]

1. e4 d6 2. d4 Nf6 3. f3 g6 4. Be3 Nbd7 5. Qd2 c6 6. c4 a6 7. a4 e5 8. d5 Nc5 9.
Qc3 Ncxe4 10. fxe4 Nxe4 11. Qc2 Bf5 12. Qb3 Qh4+ 13. g3 Nxg3 14. hxg3 Qxh1 15.
Kf2 cxd5 16. Bg2 Qh2 17. Nf3 Qh5 18. Nbd2 Be7 19. Rh1 Qg4 20. Nh2 Qh5 21. Bf3
Qh3 22. Nhf1 d4 23. Bh6 1-0

[Event "17th Olomouc GM 2014"]
[Site "Olomouc CZE"]
[Date "2014.07.31"]
[Round "2.4"]
[White "Manik, Mikulas"]
[Black "Ali Marandi, Cemil Can"]
[Result "0-1"]
[WhiteTitle "GM"]
[BlackTitle "IM"]
[WhiteElo "2394"]
[BlackElo "2385"]
[WhiteFideId "14900734"]
[BlackFideId "6300529"]
[EventDate "2014.07.30"]

1. e4 e5 2. Nf3 Nc6 3. Bb5 a6 4. Ba4 Nf6 5. O-O Be7 6. Re1 b5 7. Bb3 O-O 8. h3
Bb7 9. d3 d5 10. exd5 Nxd5 11. Nxe5 Nxe5 12. Rxe5 Qd6 13. Re1 Rae8 14. Nd2 c5
15. Ne4 Qc6 16. c4 Nb6 17. cxb5 axb5 18. a4 bxa4 19. Bxa4 Nxa4 20. Qxa4 Qd5 21.
Qc4 Qxc4 22. dxc4 Bd8 23. Be3 Rxe4 24. Bxc5 Rfe8 25. Rxe4 Rxe4 26. Rd1 Bf6 27.
b3 h5 28. Be3 g6 29. Rd7 Re7 30. Rd6 Be5 31. Rd8+ Kg7 32. b4 Rc7 33. Bd4 Bxd4
34. Rxd4 Kf6 35. c5 Ke5 36. Rd1 Bc6 37. Rd6 Bd5 38. Rb6 Rb7 39. Rxb7 Bxb7 40. b5
Kd5 0-1

[Event "17th Olomouc GM 2014"]
[Site "Olomouc CZE"]
[Date "2014.07.31"]
[Round "2.5"]
[White "Mammadov, Zaur"]
[Black "Neuman, Petr"]
[Result "1/2-1/2"]
[WhiteTitle "IM"]
[BlackTitle "GM"]
[WhiteElo "2441"]
[BlackElo "2488"]
[WhiteFideId "13401033"]
[BlackFideId "305243"]
[EventDate "2014.07.30"]

1. e4 d6 2. d4 Nf6 3. Bd3 e5 4. dxe5 dxe5 5. Nf3 Nc6 6. O-O a6 7. h3 Bc5 8. Nbd2
Be6 9. b3 O-O 10. Bb2 Nd7 11. Qe2 Qe7 12. Rad1 f6 13. c3 Rfd8 14. Nh4 Nf8 15.
Bc4 Qf7 1/2-1/2

[Event "17th Olomouc GM 2014"]
[Site "Olomouc CZE"]
[Date "2014.08.01"]
[Round "3.1"]
[White "Neuman, Petr"]
[Black "Firat, Burak"]
[Result "0-1"]
[WhiteTitle "GM"]
[BlackTitle "IM"]
[WhiteElo "2488"]
[BlackElo "2458"]
[WhiteFideId "305243"]
[BlackFideId "6305881"]
[EventDate "2014.07.30"]

1. e4 c5 2. Nf3 Nc6 3. Bb5 e6 4. O-O Nge7 5. c3 a6 6. Ba4 b5 7. Bc2 Bb7 8. Qe2
Rc8 9. a4 b4 10. d3 Ng6 11. Be3 Be7 12. Nbd2 O-O 13. Nb3 d6 14. d4 bxc3 15. dxc5
Nb4 16. bxc3 Nxc2 17. Qxc2 dxc5 18. Rfb1 Ba8 19. Nbd2 f5 20. exf5 exf5 21. Rd1
Qe8 22. Qa2+ Kh8 23. Bg5 Bxg5 24. Nxg5 Nf4 25. Qc4 Nxg2 26. Ndf3 Qh5 27. Rd3 Be4
28. Rad1 Nf4 0-1

[Event "17th Olomouc GM 2014"]
[Site "Olomouc CZE"]
[Date "2014.08.01"]
[Round "3.2"]
[White "Ali Marandi, Cemil Can"]
[Black "Mammadov, Zaur"]
[Result "0-1"]
[WhiteTitle "IM"]
[BlackTitle "IM"]
[WhiteElo "2385"]
[BlackElo "2441"]
[WhiteFideId "6300529"]
[BlackFideId "13401033"]
[EventDate "2014.07.30"]

1. e4 e6 2. d4 d5 3. Nc3 Nf6 4. e5 Nfd7 5. f4 c5 6. Nf3 Nc6 7. Be3 Qb6 8. Na4
Qa5+ 9. c3 b6 10. Bd2 c4 11. b4 Nxb4 12. cxb4 Bxb4 13. Rc1 Bxd2+ 14. Nxd2 b5 15.
Nc3 O-O 16. Be2 b4 17. Ncb1 Qxa2 18. O-O Qa5 19. Nf3 Qb6 20. g4 Nb8 21. Nbd2 Nc6
22. Kg2 a5 23. Bxc4 dxc4 24. Nxc4 Qa6 25. Nd6 Ne7 26. Qd2 b3 27. d5 Nxd5 28. f5
Qb6 29. Nd4 Qb4 30. Qf2 Ba6 31. Rfe1 Bd3 32. Rcd1 b2 33. Rxd3 Nf4+ 34. Qxf4 Qxe1
35. Rb3 Qc1 36. Qf2 b1=Q 37. Rxb1 Qxb1 38. f6 Rfb8 39. Qe3 Rb2+ 40. Kg3 Qf1 41.
Nf3 Rg2+ 42. Kh4 Qf2+ 43. Qxf2 Rxf2 44. Ng5 gxf6 45. Nge4 Rf4 46. Nxf6+ Rxf6 0-1

[Event "17th Olomouc GM 2014"]
[Site "Olomouc CZE"]
[Date "2014.08.01"]
[Round "3.3"]
[White "Cernousek, Lukas"]
[Black "Manik, Mikulas"]
[Result "0-1"]
[WhiteTitle "IM"]
[BlackTitle "GM"]
[WhiteElo "2457"]
[BlackElo "2394"]
[WhiteFideId "311707"]
[BlackFideId "14900734"]
[EventDate "2014.07.30"]

1. d4 Nf6 2. c4 g6 3. g3 Bg7 4. Bg2 O-O 5. Nc3 c6 6. e4 d6 7. Nf3 Nbd7 8. O-O e5
9. h3 Qa5 10. Re1 exd4 11. Nxd4 Re8 12. Be3 Ne5 13. Bf1 Be6 14. Nxe6 Rxe6 15.
Kg2 Rae8 16. Qd2 h5 17. f3 a6 18. a3 b5 19. c5 dxc5 20. Bxc5 Nc4 21. Bxc4 bxc4
22. Qf2 Nd7 23. Bb4 Qc7 24. Na4 Ne5 25. Nc5 Nd3 26. Nxe6 Rxe6 27. Qc2 h4 28.
gxh4 Qf4 29. Qxc4 Nxe1+ 30. Rxe1 Be5 31. Qe2 Qg3+ 32. Kf1 Rf6 0-1

[Event "17th Olomouc GM 2014"]
[Site "Olomouc CZE"]
[Date "2014.08.01"]
[Round "3.4"]
[White "Kislinsky, Alexey"]
[Black "Garcia Roman, Daniel"]
[Result "1/2-1/2"]
[WhiteTitle "GM"]
[BlackTitle "IM"]
[WhiteElo "2491"]
[BlackElo "2379"]
[WhiteFideId "14108801"]
[BlackFideId "2215870"]
[EventDate "2014.07.30"]

1. e4 e6 2. d3 d5 3. Nd2 c5 4. g3 Nc6 5. Bg2 Nge7 6. Ne2 g6 7. h4 h6 8. f4 h5 9.
c3 b6 10. O-O Bg7 11. Kh2 Bb7 12. Qe1 d4 13. Rf3 dxc3 14. bxc3 Qc7 15. Rb1 Rd8
16. Bb2 O-O 17. c4 Bxb2 18. Rxb2 Nd4 19. Nxd4 Rxd4 20. Re3 Rfd8 21. Rb3 Nc6 22.
Nf3 R4d7 23. Qf2 Nd4 24. Nxd4 Rxd4 1/2-1/2

[Event "17th Olomouc GM 2014"]
[Site "Olomouc CZE"]
[Date "2014.08.01"]
[Round "3.5"]
[White "Johansson, Jan SWE"]
[Black "Kanmazalp, Ogulcan"]
[Result "1-0"]
[WhiteTitle "IM"]
[BlackTitle "IM"]
[WhiteElo "2378"]
[BlackElo "2412"]
[WhiteFideId "1700103"]
[BlackFideId "6304990"]
[EventDate "2014.07.30"]

1. d4 Nf6 2. Nf3 g6 3. c4 Bg7 4. Nc3 d5 5. Bg5 Ne4 6. Bh4 Nxc3 7. bxc3 dxc4 8.
Qa4+ Qd7 9. Qxc4 b6 10. Bg3 c5 11. e3 Ba6 12. Qb3 Bxf1 13. Kxf1 Nc6 14. Ke2 Na5
15. Qb1 O-O 16. Rc1 Rac8 17. Kf1 Qa4 18. Kg1 Rfe8 19. h4 Nc4 20. Qb3 Qa6 21. Rd1
Na5 22. Qb2 Qc4 23. Rac1 Qa4 24. Qb1 Qc6 25. h5 Nc4 26. hxg6 hxg6 27. Qb3 Nd6
28. d5 Qd7 29. c4 Ne4 30. Be5 Qf5 31. Qb2 f6 32. Bh2 g5 33. Qc2 g4 34. Ne1 Bh6
35. Qe2 Kf7 36. f3 gxf3 37. Nxf3 Rg8 38. Ne5+ Ke8 39. Rf1 Qh3 40. Rf3 Bxe3+ 41.
Kh1 Qh7 42. Rxe3 Ng3+ 43. Rxg3 Rxg3 44. Nf3 Kf8 45. Qe6 Rd8 46. Kg1 Rg6 47. Re1
Qf7 48. Qf5 Qh7 49. Ng5 Qh4 50. Ne6+ 1-0

[Event "17th Olomouc GM 2014"]
[Site "Olomouc CZE"]
[Date "2014.08.02"]
[Round "4.2"]
[White "Garcia Roman, Daniel"]
[Black "Johansson, Jan SWE"]
[Result "1/2-1/2"]
[WhiteTitle "IM"]
[BlackTitle "IM"]
[WhiteElo "2379"]
[BlackElo "2378"]
[WhiteFideId "2215870"]
[BlackFideId "1700103"]
[EventDate "2014.07.30"]

1. d4 Nf6 2. c4 e6 3. Nc3 Bb4 4. Nf3 c5 5. g3 Ne4 6. Bd2 Bxc3 7. bxc3 O-O 8. Bg2
d6 9. Qc2 Nxd2 10. Nxd2 cxd4 11. cxd4 Nc6 12. Bxc6 bxc6 13. O-O c5 14. dxc5 dxc5
15. Ne4 Qe7 16. Rfd1 Bb7 17. Nd6 Rfd8 1/2-1/2

[Event "17th Olomouc GM 2014"]
[Site "Olomouc CZE"]
[Date "2014.08.02"]
[Round "4.3"]
[White "Firat, Burak"]
[Black "Kanmazalp, Ogulcan"]
[Result "1/2-1/2"]
[WhiteTitle "IM"]
[BlackTitle "IM"]
[WhiteElo "2458"]
[BlackElo "2412"]
[WhiteFideId "6305881"]
[BlackFideId "6304990"]
[EventDate "2014.07.30"]

1. d4 d5 2. c4 e6 3. Nc3 Nf6 4. Nf3 Be7 5. Bg5 O-O 6. e3 h6 7. Bh4 Ne4 8. Bxe7
Qxe7 9. Rc1 c6 10. Bd3 Nxc3 11. Rxc3 dxc4 12. Bxc4 Nd7 13. O-O b6 14. Bd3 c5 15.
Be4 Rb8 16. Qa4 Bb7 17. Bxb7 Rxb7 18. Rfc1 a5 19. h3 e5 20. dxc5 Nxc5 21. Qb5
Rbb8 22. b3 1/2-1/2

[Event "17th Olomouc GM 2014"]
[Site "Olomouc CZE"]
[Date "2014.08.02"]
[Round "4.4"]
[White "Mammadov, Zaur"]
[Black "Cernousek, Lukas"]
[Result "1-0"]
[WhiteTitle "IM"]
[BlackTitle "IM"]
[WhiteElo "2441"]
[BlackElo "2457"]
[WhiteFideId "13401033"]
[BlackFideId "311707"]
[EventDate "2014.07.30"]

1. e4 c5 2. c3 d5 3. exd5 Qxd5 4. Nf3 e5 5. d3 Bf5 6. Be2 Nc6 7. O-O O-O-O 8.
Na3 Bxd3 9. Bxd3 Qxd3 10. Qb3 Qd5 11. Nc4 e4 12. Ng5 Nh6 13. Re1 Ne5 14. Nxe5
Qxe5 15. Nxf7 Nxf7 16. Qxf7 Bd6 17. f4 Qe8 18. Qf5+ Kb8 19. Qxe4 Qh5 20. Qe2 Qf7
21. Qf3 Rhf8 22. Rf1 Rfe8 23. Be3 Qc4 24. g3 Bc7 25. Rfe1 Rd3 26. Qf2 Qd5 27.
Bxc5 Rxe1+ 28. Rxe1 Rd2 29. c4 Qd3 30. Qe3 Qc2 31. Qe8+ Rd8 32. Bd6 Ka8 33. Bxc7 1-0

[Event "17th Olomouc GM 2014"]
[Site "Olomouc CZE"]
[Date "2014.08.02"]
[Round "4.5"]
[White "Neuman, Petr"]
[Black "Ali Marandi, Cemil Can"]
[Result "1/2-1/2"]
[WhiteTitle "GM"]
[BlackTitle "IM"]
[WhiteElo "2488"]
[BlackElo "2385"]
[WhiteFideId "305243"]
[BlackFideId "6300529"]
[EventDate "2014.07.30"]

1. e4 e6 2. d4 d5 3. Nd2 c5 4. Ngf3 Nf6 5. exd5 exd5 6. Bb5+ Bd7 7. Bxd7+ Nbxd7
8. O-O Be7 9. dxc5 Nxc5 10. Re1 O-O 11. Nf1 Nce4 12. Be3 Re8 13. Bd4 Bd6 14. Ne3
Bc7 15. c3 Qd6 16. g3 Rad8 17. Qd3 Qd7 18. Bxf6 Nxf6 19. Rad1 Bb6 1/2-1/2

[Event "17th Olomouc GM 2014"]
[Site "Olomouc CZE"]
[Date "2014.08.03"]
[Round "5.1"]
[White "Ali Marandi, Cemil Can"]
[Black "Firat, Burak"]
[Result "1/2-1/2"]
[WhiteTitle "IM"]
[BlackTitle "IM"]
[WhiteElo "2385"]
[BlackElo "2458"]
[WhiteFideId "6300529"]
[BlackFideId "6305881"]
[EventDate "2014.07.30"]

1. d4 Nf6 2. c4 e6 3. g3 d5 4. Nf3 c5 5. cxd5 Nxd5 6. Bg2 cxd4 7. O-O Be7 8.
Nxd4 O-O 9. Nc3 Nxc3 10. bxc3 a6 11. Qc2 Qc7 12. Rb1 g6 13. Bh6 Re8 14. Rfd1 e5
15. Nf3 Bf5 16. e4 Be6 17. Ng5 Bc4 18. Bf1 b5 19. a4 Nd7 20. axb5 axb5 21. Rxb5
Rac8 22. Rbb1 1/2-1/2

[Event "17th Olomouc GM 2014"]
[Site "Olomouc CZE"]
[Date "2014.08.03"]
[Round "5.2"]
[White "Cernousek, Lukas"]
[Black "Neuman, Petr"]
[Result "1-0"]
[WhiteTitle "IM"]
[BlackTitle "GM"]
[WhiteElo "2457"]
[BlackElo "2488"]
[WhiteFideId "311707"]
[BlackFideId "305243"]
[EventDate "2014.07.30"]

1. d4 d6 2. Nf3 Bg4 3. e4 Nf6 4. Nc3 e6 5. h3 Bh5 6. Qe2 a6 7. g4 Bg6 8. h4 h5
9. g5 Nfd7 10. Bh3 Be7 11. d5 exd5 12. Nxd5 O-O 13. Bf5 c6 14. Bxg6 cxd5 15.
Bxh5 Re8 16. Be3 g6 17. Bg4 dxe4 18. Nd4 Ne5 19. O-O-O Nbc6 20. Kb1 d5 21. h5
Bxg5 22. hxg6 Nxg6 23. Nf5 Bxe3 24. fxe3 Nce5 25. Rxd5 Qg5 26. Qh2 Qf6 27. Rd6
Re6 28. Nh6+ Kg7 29. Bxe6 fxe6 30. Rb6 Qe7 31. Nf5+ exf5 32. Rxb7 1-0

[Event "17th Olomouc GM 2014"]
[Site "Olomouc CZE"]
[Date "2014.08.03"]
[Round "5.3"]
[White "Kislinsky, Alexey"]
[Black "Mammadov, Zaur"]
[Result "0-1"]
[WhiteTitle "GM"]
[BlackTitle "IM"]
[WhiteElo "2491"]
[BlackElo "2441"]
[WhiteFideId "14108801"]
[BlackFideId "13401033"]
[EventDate "2014.07.30"]

1. e4 e6 2. d3 d5 3. Nd2 c5 4. g3 Nc6 5. Bg2 Nf6 6. Ngf3 g6 7. O-O Bg7 8. Re1
O-O 9. c3 a5 10. e5 Ng4 11. d4 cxd4 12. cxd4 f6 13. h3 Nxf2 14. Kxf2 fxe5 15.
dxe5 Qb6+ 16. Kf1 Bd7 17. Qb3 Nb4 18. a4 Rac8 19. Rb1 Bh6 20. Rd1 Bxa4 21. Qxa4
Nd3 0-1

[Event "17th Olomouc GM 2014"]
[Site "Olomouc CZE"]
[Date "2014.08.03"]
[Round "5.4"]
[White "Johansson, Jan SWE"]
[Black "Manik, Mikulas"]
[Result "1/2-1/2"]
[WhiteTitle "IM"]
[BlackTitle "GM"]
[WhiteElo "2378"]
[BlackElo "2394"]
[WhiteFideId "1700103"]
[BlackFideId "14900734"]
[EventDate "2014.07.30"]

1. d4 Nf6 2. Nf3 d6 3. Nc3 Nbd7 4. e4 e5 5. Bc4 Be7 6. O-O O-O 7. a4 c6 8. Ba2
a5 9. h3 exd4 10. Nxd4 Nc5 11. Qf3 Qb6 12. Rd1 Be6 13. Qe3 Qc7 14. Qe2 Bxa2 15.
Rxa2 Rfe8 16. f3 Rad8 1/2-1/2

[Event "17th Olomouc GM 2014"]
[Site "Olomouc CZE"]
[Date "2014.08.03"]
[Round "5.5"]
[White "Kanmazalp, Ogulcan"]
[Black "Garcia Roman, Daniel"]
[Result "0-1"]
[WhiteTitle "IM"]
[BlackTitle "IM"]
[WhiteElo "2412"]
[BlackElo "2379"]
[WhiteFideId "6304990"]
[BlackFideId "2215870"]
[EventDate "2014.07.30"]

1. e4 e6 2. d4 d5 3. Nd2 Nf6 4. e5 Nfd7 5. Bd3 c5 6. c3 Nc6 7. Ne2 cxd4 8. cxd4
f6 9. exf6 Nxf6 10. O-O Bd6 11. Nf3 Qc7 12. Bd2 O-O 13. Rc1 Bd7 14. Ng3 Qb6 15.
Bc3 Bf4 16. Rc2 Nb4 17. Bxb4 Qxb4 18. Ne2 Bh6 19. Nc3 Kh8 20. Re1 Rae8 21. Rce2
Ng4 22. Bb1 Rxf3 23. gxf3 Nf6 24. Qd3 g6 25. Bc2 Bf4 26. Bb3 Qf8 27. Kg2 Qh6 28.
Rh1 Qg5+ 29. Kf1 Qh4 30. Ba4 Qh3+ 31. Ke1 Bxa4 32. Nxa4 Rc8 33. Nc3 Ng4 34. Rxe6
Nxf2 35. Qe2 Nxh1 36. Re8+ Rxe8 37. Qxe8+ Kg7 38. Qe7+ Kh6 39. Nxd5 Bg5 40. Qf8+
Kh5 41. Nf4+ Bxf4 42. Qxf4 Qg2 43. d5 Qf2+ 44. Kd1 Qf1+ 45. Kd2 Nf2 46. Qe5+ g5
47. Qe8+ Kh4 48. Qd7 Qd3+ 49. Ke1 Qc2 50. Kf1 h5 51. Qd6 Nh1 52. Qb4+ Kh3 53.
Qe1 Qg2# 0-1

[Event "17th Olomouc GM 2014"]
[Site "Olomouc CZE"]
[Date "2014.08.04"]
[Round "6.1"]
[White "Firat, Burak"]
[Black "Garcia Roman, Daniel"]
[Result "1-0"]
[WhiteTitle "IM"]
[BlackTitle "IM"]
[WhiteElo "2458"]
[BlackElo "2379"]
[WhiteFideId "6305881"]
[BlackFideId "2215870"]
[EventDate "2014.07.30"]

1. e4 e6 2. d4 d5 3. Nc3 Nf6 4. e5 Nfd7 5. f4 c5 6. Nf3 Nc6 7. Be3 Be7 8. Qd2 b6
9. O-O-O c4 10. f5 b5 11. fxe6 fxe6 12. Ng5 Bxg5 13. Bxg5 Qa5 14. Qf4 b4 15. Ne4
dxe4 16. Bxc4 Nb6 17. Rhf1 Nd8 18. d5 exd5 19. e6 Bxe6 20. Qd6 Nc8 21. Bb5+ Qxb5 1-0

[Event "17th Olomouc GM 2014"]
[Site "Olomouc CZE"]
[Date "2014.08.04"]
[Round "6.2"]
[White "Manik, Mikulas"]
[Black "Kanmazalp, Ogulcan"]
[Result "1/2-1/2"]
[WhiteTitle "GM"]
[BlackTitle "IM"]
[WhiteElo "2394"]
[BlackElo "2412"]
[WhiteFideId "14900734"]
[BlackFideId "6304990"]
[EventDate "2014.07.30"]

1. e4 c5 2. Nf3 e6 3. c3 d5 4. exd5 exd5 5. d4 Nc6 6. Be3 c4 7. b3 cxb3 8. axb3
Bd6 9. Bd3 Nf6 10. Nbd2 O-O 11. O-O Bg4 12. Bg5 h6 13. Bh4 g5 14. Bg3 1/2-1/2